Guess the animal by picture - Statistics

General Stats
  • This quiz has been taken 11 times
  • The average score is 13 of 16
Answer Stats
Picture Answer % Correct
ant
100%
cat
89%
cow
89%
dog
89%
koala
89%
lion
89%
wolf
89%
anteater
78%
armadillo
78%
dolphin
78%
guinea pig
78%
jaguar
78%
parrot
78%
pigeon
78%
meerkat
67%
grasshopper
56%
No matching quizzes found
Score Distribution
Percent of People with Each Score
Percentile by Number Answered
Your Score History
You have not taken this quiz